书目信息 |
| 书名: | Writing an reporting news | |
| 作者: | Carole Rich. | |
| 分册号: | ||
| 分册名: | 出版地: | Pacific Grove : |
|
| 出版社: | Duxbury Press | |
| 出版时间: | 1997. | |
| 页数: | 610 p. ; | |
| 开本: | 24cm. | |
| 丛书名: | ||
| 中图分类号: | ||
| 科图分类号: | ||
| 其他分类号: | G212.2 | |
| 主题词: | ||
| 电子资源: | ||
| 000 | 00420nam 2200145 a 4500 | |
| 001 | E0436202340 | |
| 005 | 2004121710032232 | |
| 008 | 041217s1997 00010 eng | |
| 020 | @a0-5345-0879-0 :@cRMB 12.00. | |
| 040 | @aPFT@beng | |
| 090 | @aG212.2 | |
| 099 | @dG212.2@eR498 | |
| 245 | @aWriting an reporting news :@ba coaching method / @cCarole Rich. | |
| 260 | @aPacific Grove :@bDuxbury Press,@c1997. | |
| 300 | @a610 p. ;@c24cm. | |
| Writing an reporting news : : a coaching method / / Carole Rich.-Pacific Grove : : Duxbury Press, , 1997. |
| 610 p. ; ; 24cm. |
| ISBN 0-5345-0879-0 :RMB 12.00. |
| ● |
| 相关链接 |
|
|
|
正题名:Writing an reporting news
索取号:G212.2/R498
 
预约/预借
| 序号 | 登录号 | 条形码 | 馆藏地/架位号 | 状态 | 备注 |
| 1 | 04468 | 300044681 | 社科库409/409社科库 119排1列4层/ [索取号:G212.2/R498] | 在馆 |